000 02475nam a22002537a 4500
003 OSt
005 20250205122719.0
007 ta
008 201029b 2004 dr 00| 0 eng d
040 _aDO-SdBNP
_bspa
_cBNPHU
082 4 _a345.05
_bR426c
_222
110 1 _aRepública Dominicana.
_bComisionado de Apoyo a la Reforma y Modernización de la Justicia
_917179
245 1 0 _aCompendio de la normativa procesal penal /
_cpresentación Alejandro Moscoso Segarra ; prólogo César Pina Toribio
260 _aSanto Domingo :
_bCAMJ,
_c2004
300 _a415 p. ;
_c22 cm.
505 0 _aPresentación --
_tPrólogo --
_tLey No. 76 /02 que establece el código procesal penal de la republica dominicana --
_tLey No. 278 / 04 sobre la implementación del proceso penal instituido por la ley No.76 -- 02
_t Ley No.78 /03 que aprueba el estatuto del ministerio público --
_tLey No. 277/ 04 que crea el servicio nacional de defensa publica --
_tLey No. 96 /04 ley institucional de la policía nacional --
_tDecretos
_tDec. No. 420 / 02 que crea la comisión nacional de ejecución --
_tDec. No. 644 / 03 que aprueba el reglamento de integración del consejo general de procuradores --
_tDes. No. 873 / 04 que dispone que los miembros del ministerio público tendrán carácter de provisionales y podrán ser sustituidos por el presidente de la república en cualquier momento --
_tDec. No. 1154/ 04 que modifica el artículo 1 del decreto no. 420 -- 02, de fecha 6 de julio del 2002, integra nuevamente la comisión nacional de ejecución de la reforma procesal penal --
_t Resolución No. 1920 /03 sobre medidas anticipadas --
_t Resolución No. 1170 /04 sobre la designación los jueces y tribunales liquidadores competentes para conocer y decidir sobre los expedientes en trámite en la jurisdicción penal para la implementación del código procesal penal --
_t Resolución No. 1207/04 sobre denominación de estructuras de tribunales --
_tResolución No. 14786 / 03 sobre pautas al ministerio publico --
_tResolución No. 12156 /03 sobre fiscales liquidadores --
_t Resolución No. 12437 03 sobre criterios de oportunidad en caso de transito --
590 _aInventariado, 2020 /LP
650 4 _aDerecho penal
_zRepública Dominicana
_916470
650 4 _aProcedimiento penal
_zRepública Dominicana
700 1 _aPina Toribio, César
_epról.
_916867
700 1 _aMoscoso Segarra, Alejandro A
_d1964-
_962241
910 _aValidado. Control de calidad MFF
942 _2ddc
_cLBS1
999 _c48977
_d48977